Pokročilý systém monitorovania počítačových systémov a sietí

Uložené v:
Podrobná bibliografia
Hlavný autor: Baláž, Róbert (Autor)
Ďalší autori: Laštinec, Ján (Vedúci práce)
Médium: Rukopis Kniha
Jazyk:Slovak
Vydavateľské údaje: 2021
Predmet:
On-line prístup:http://is.stuba.sk/zp/portal_zp.pl?podrobnosti=157410
Tagy: Pridať tag
Žiadne tagy, Buďte prvý, kto otaguje tento záznam!

MARC

LEADER 00000ntm a22000003a 4500
001 stuzp85714
003 SK-STU
005 20210619212132.0
007 ta
008 150427s2015----xo-----f-mn---000-0-slo-d
040 |a STU  |b slo 
041 0 |a slo 
100 1 |a Baláž, Róbert  |u 070400  |4 aut  |U FIIT Fakulta informatiky a informačných technológií  |T FIIT Ústav počítačového inžinierstva a aplikovanej informatiky  |X 73660  |U I400  |Y 672  |7 73660 
242 0 1 |a Advanced monitoring system for computer systems and networks  |y eng 
245 1 0 |a Pokročilý systém monitorovania počítačových systémov a sietí 
260 |c 2021 
650 4 |a monitorovanie bezpečnosti siete  |2 slo 
650 4 |a SIEM  |2 slo 
650 4 |a kybernetická bezpečnosť  |2 slo 
650 4 |a obohacovanie dát  |2 slo 
650 4 |a model siete  |2 slo 
650 4 |a cyber security  |2 eng 
650 4 |a network security monitoring  |2 eng 
650 4 |a SIEM  |2 eng 
650 4 |a data enrichment  |2 eng 
650 4 |a network model  |2 eng 
700 1 |a Laštinec, Ján  |u 070300  |k Z3  |4 ths  |U FIIT Fakulta informatiky a informačných technológií  |T FIIT Ústav aplikovanej informatiky  |X 56214  |U I300  |Y 180  |7 A000056214 
856 4 |u http://is.stuba.sk/zp/portal_zp.pl?podrobnosti=157410